Humanities World Report 2015 (Record no. 63123)
[ view plain ]
| 000 -LEADER | |
|---|---|
| fixed length control field | 00879nam a2200241Ii 4500 |
| 008 - FIXED-LENGTH DATA ELEMENTS--GENERAL INFORMATION | |
| fixed length control field | 221202s xx 000 0 und d |
| 100 1# - MAIN ENTRY--PERSONAL NAME | |
| Personal name | Holm, Poul, |
| Relator term | author |
| 245 #0 - TITLE STATEMENT | |
| Title | Humanities World Report 2015 |
| 264 #1 - PRODUCTION, PUBLICATION, DISTRIBUTION, MANUFACTURE, AND COPYRIGHT NOTICE | |
| Place of production, publication, distribution, manufacture | Basingstoke |
| Name of producer, publisher, distributor, manufacturer | Springer Nature |
| Date of production, publication, distribution, manufacture, or copyright notice | 2015 |
| 300 ## - PHYSICAL DESCRIPTION | |
| Extent | 1 online resource |
| 336 ## - CONTENT TYPE | |
| Content type term | text |
| Content type code | txt |
| Source | rdacontent |
| 337 ## - MEDIA TYPE | |
| Media type term | computer |
| Media type code | c |
| Source | rdamedia |
| 338 ## - CARRIER TYPE | |
| Carrier type term | online resource |
| Carrier type code | cr |
| Source | rdacarrier |
| 520 ## - SUMMARY, ETC. | |
| Summary, etc. | Social Policy, Culture and Media Policy, Literature, Cultural Theory |
| 653 ## - INDEX TERM--UNCONTROLLED | |
| Uncontrolled term | Cultural Theory |
| 653 ## - INDEX TERM--UNCONTROLLED | |
| Uncontrolled term | Culture And Media Policy |
| 653 ## - INDEX TERM--UNCONTROLLED | |
| Uncontrolled term | Literature |
| 653 ## - INDEX TERM--UNCONTROLLED | |
| Uncontrolled term | Social Policy |
| 700 1# - ADDED ENTRY--PERSONAL NAME | |
| Personal name | Jarrick, Arne |
| 700 1# - ADDED ENTRY--PERSONAL NAME | |
| Personal name | Scott, Dominic |
| 856 ## - ELECTRONIC LOCATION AND ACCESS | |
| Uniform Resource Identifier | <a href="https://library.oapen.org/bitstream/20.500.12657/27896/1/1002105.pdfhttp://link.springer.com/book/10.1057/9781137500281http://library.oapen.org/handle/20.500.12657/27896">https://library.oapen.org/bitstream/20.500.12657/27896/1/1002105.pdfhttp://link.springer.com/book/10.1057/9781137500281http://library.oapen.org/handle/20.500.12657/27896</a> |
| 942 ## - ADDED ENTRY ELEMENTS (KOHA) | |
| Koha item type | E-Book |
| Withdrawn status | Damaged status | Not for loan | Home library | Current library | Date acquired | Total Checkouts | Date last seen | Price effective from | Koha item type |
|---|---|---|---|---|---|---|---|---|---|
| Directory of Open Access Books | Directory of Open Access Books | 11/28/2022 | 11/28/2022 | 11/28/2022 | E-Book |